|
|
|
|
| LEADER |
01501cas a2200241 a 4500 |
| 001 |
AALejournalIMF001302 |
| 008 |
230101c9999 xx r poo 0 0eng d |
| 020 |
|
|
|c 5.00 USD
|
| 020 |
|
|
|z 9781451971538
|
| 022 |
|
|
|a 1934-7456
|
| 040 |
|
|
|a BD-DhAAL
|c BD-DhAAL
|
| 100 |
1 |
|
|a Stone, Mark.
|
| 245 |
1 |
0 |
|a Large-Scale Post-Crisis Corporate Sector Restructuring /
|c Mark Stone.
|
| 264 |
|
1 |
|a Washington, D.C. :
|b International Monetary Fund,
|c 2000.
|
| 300 |
|
|
|a 1 online resource (31 pages)
|
| 490 |
1 |
|
|a IMF Policy Discussion Papers
|
| 500 |
|
|
|a <strong>Off-Campus Access:</strong> No User ID or Password Required
|
| 500 |
|
|
|a <strong>On-Campus Access:</strong> No User ID or Password Required
|
| 506 |
|
|
|a Electronic access restricted to authorized BRAC University faculty, staff and students
|
| 520 |
3 |
|
|a This paper summarizes the objectives, tasks, and modalities of large-scale, post-crisis corporate restructuring based on nine recent episodes with a view to organizing the policy choices and drawing some general conclusions. These episodes suggest that government-led restructuring efforts should integrate corporate and bank restructuring in a holistic and transparent strategy based on clearly defined objective and including sunset provisions.
|
| 538 |
|
|
|a Mode of access: Internet
|
| 830 |
|
0 |
|a IMF Policy Discussion Papers; Policy Discussion Paper ;
|v No. 2000/007
|
| 856 |
4 |
0 |
|z Full text available on IMF
|u http://elibrary.imf.org/view/journals/003/2000/007/003.2000.issue-007-en.xml
|z IMF e-Library
|